|
|
|
|
| LEADER |
00768nam a22002051 4500 |
| 001 |
c000364717 |
| 003 |
CARM |
| 005 |
00000000000000.0 |
| 008 |
851211s1962 nyu 0 eng d |
| 019 |
1 |
|
|a 4159206
|5 LACONCORD2021
|
| 035 |
|
|
|a (OCoLC)233015
|5 LACONCORD2021
|
| 100 |
1 |
|
|a Kaplan, Morton A.
|
| 245 |
1 |
4 |
|a The revolution in world politics :
|b Morton A.Kaplan, editor. Contributors: Vernon V.Aspaturian and others.
|
| 260 |
|
|
|a N.Y. :
|b Wiley,
|c 1962.
|
| 650 |
|
0 |
|a Revolutions.
|
| 650 |
|
0 |
|a World politics.
|
| 852 |
8 |
|
|b CARM
|h A1:AL21C0
|i C10534
|p 0460568
|f BK
|
| 082 |
0 |
4 |
|a 909.82
|
| 999 |
f |
f |
|i d8e44586-386d-5bc0-a697-299bd99c39a6
|s 31f2ad57-bb3b-5c68-bb6e-8652f4ca9e02
|
| 952 |
f |
f |
|p Can circulate
|a CAVAL
|b CAVAL
|c CAVAL
|d CARM 1 Store
|e C10534
|f A1:AL21C0
|h Other scheme
|i book
|m 0460568
|